Normal view
MARC view
- ELECTROMECHANICAL ENERGY CONVERSION.MAGNETIC CIRCUITS AND INDUCTION.DC MACHINES.SINGLE PHASE MOTORS.3-PHASE INDUCTION MACHINES
Entry Topical Term
001 - CONTROL NUMBER
- control field: 68385
003 - CONTROL NUMBER IDENTIFIER
- control field: NUST
005 - DATE AND TIME OF LATEST TRANSACTION
- control field: 20210628204035.0
008 - FIXED-LENGTH DATA ELEMENTS
- fixed length control field: 210628|| aca||aabn | a|a d
040 ## - CATALOGING SOURCE
- Original cataloging agency: NUST
- Transcribing agency: NUST
150 ## - HEADING--TOPICAL TERM
- Topical term or geographic name entry element: ELECTROMECHANICAL ENERGY CONVERSION.MAGNETIC CIRCUITS AND INDUCTION.DC MACHINES.SINGLE PHASE MOTORS.3-PHASE INDUCTION MACHINES
670 ## - SOURCE DATA FOUND
- Source citation: Work cat.: (NUST): Gupta, J.B 3449, Electromechanical energy conversion, 2012
